<?xml version="1.0" encoding="UTF-8"?>
<record
    xmlns:xsi="http://www.w3.org/2001/XMLSchema-instance"
    xsi:schemaLocation="http://www.loc.gov/MARC21/slim http://www.loc.gov/standards/marcxml/schema/MARC21slim.xsd"
    xmlns="http://www.loc.gov/MARC21/slim">

  <leader>01110nam a22002055i 4500</leader>
  <controlfield tag="001">166539</controlfield>
  <controlfield tag="003">ES-MaACL</controlfield>
  <controlfield tag="005">20250730063147.0</controlfield>
  <controlfield tag="008">960429s1794    sp           |||| | spa d</controlfield>
  <datafield tag="040" ind1=" " ind2=" ">
    <subfield code="a">CAM </subfield>
    <subfield code="b">spa </subfield>
    <subfield code="c">CAM</subfield>
  </datafield>
  <datafield tag="100" ind1="1" ind2=" ">
    <subfield code="a">Torres Villarroel, Diego de, </subfield>
    <subfield code="d">1693-1770</subfield>
    <subfield code="9">111026</subfield>
  </datafield>
  <datafield tag="245" ind1="1" ind2="0">
    <subfield code="a">Tratados f&#xED;sicos, m&#xE9;dicos y morales, vida natural y cat&#xF3;lica </subfield>
    <subfield code="b">: medicina segura para mantener menos enferma la organizaci&#xF3;n del cuerpo y asegurar al alma la eterna salud / </subfield>
    <subfield code="c">por...  Diego de Torres Villarroel...; tomo IV.</subfield>
  </datafield>
  <datafield tag="260" ind1=" " ind2=" ">
    <subfield code="a">Madrid : </subfield>
    <subfield code="b">en la imprenta de la viuda de Ibarra, </subfield>
    <subfield code="c">1794.</subfield>
  </datafield>
  <datafield tag="300" ind1=" " ind2=" ">
    <subfield code="a">[14], VI, 431 p. ; </subfield>
    <subfield code="c">8&#xBA;.</subfield>
  </datafield>
  <datafield tag="594" ind1=" " ind2=" ">
    <subfield code="a">Seg&#xFA;n Palau, 337393 es el tomo IV de las Obras.</subfield>
  </datafield>
  <datafield tag="597" ind1=" " ind2=" ">
    <subfield code="a">Sign.: A2-8, *1, 2*2, B-2E8.</subfield>
  </datafield>
  <datafield tag="650" ind1="0" ind2="4">
    <subfield code="a">Medicina-</subfield>
    <subfield code="v">Obras anteriores a 1800</subfield>
    <subfield code="9">14912</subfield>
  </datafield>
  <datafield tag="852" ind1=" " ind2=" ">
    <subfield code="a">ES-MaACL</subfield>
    <subfield code="j">R-2207-21     </subfield>
    <subfield code="z">-- Enc. pasta espa&#xF1;ola     </subfield>
    <subfield code="z">-- Prelim. mal enc. y las VI pp. de Indices enc. al final de la obra     </subfield>
    <subfield code="x">-- Edic.: seg&#xFA;n Palau es el T. IV de la segunda ed. de las "Obras" -- A&#xF1;adir T596 Marca tip. en port. Olim: C-31414-28.</subfield>
  </datafield>
  <datafield tag="999" ind1=" " ind2=" ">
    <subfield code="c">166539</subfield>
    <subfield code="d">166539</subfield>
  </datafield>
  <datafield tag="952" ind1=" " ind2=" ">
    <subfield code="0">0</subfield>
    <subfield code="1">0</subfield>
    <subfield code="4">0</subfield>
    <subfield code="7">0</subfield>
    <subfield code="8">LIBXVIII</subfield>
    <subfield code="a">ATENEOM</subfield>
    <subfield code="b">ATENEOM</subfield>
    <subfield code="c">DEPO</subfield>
    <subfield code="d">2008-01-17</subfield>
    <subfield code="l">0</subfield>
    <subfield code="o">R-2207-21</subfield>
    <subfield code="p">1174669</subfield>
    <subfield code="r">2023-02-23 00:00:00</subfield>
    <subfield code="w">2023-02-23</subfield>
    <subfield code="y">MONANT</subfield>
  </datafield>
</record>
